| 000 | 00887cab a2200301 4500 | ||
|---|---|---|---|
| 001 | ABS58559 | ||
| 008 | 090401t1998 xxu||||| |||| 00| 0 eng d | ||
| 035 | _a(Sirsi) u85791 | ||
| 041 | _aeng | ||
| 100 | _aBaber, F, | ||
| 245 | _aHeritage health buildings should be protected | ||
| 260 | _c1998 | ||
| 350 | _a0 | ||
| 490 |
_aCSM _bChartered Surveyor Monthly _vApril 1998, 42(1) |
||
| 520 | _aA new RICS research paper by Robert Mayo reports on the potential for conversion and re-use of Victorian and Edwardian hospitals and asylums. | ||
| 650 | _aALTERNATIVE USE | ||
| 650 | _aALTERNATIVE USES | ||
| 650 | _aASYLUMS | ||
| 650 | _aCONVERSION | ||
| 650 | _aEDWARDIAN ARCHITECTURE | ||
| 650 | _aHOSPITALS | ||
| 650 | _aLISTED BUILDINGS | ||
| 650 | _aNHS ESTATES | ||
| 650 | _aVICTORIAN ARCHITECTURE | ||
| 690 | _aCONSERVATION | ||
| 942 | _n0 | ||
| 948 | _c24/04/1998 | ||
| 999 |
_c53964 _d53964 |
||